Loreto College Library, Kolkata
WEBOPAC (ONLINE PUBLIC ACCESS CATALOGUE)

The Secret (Record no. 18083)

MARC details
000 -LEADER
fixed length control field 00525nam a2200205Ia 4500
005 - DATE AND TIME OF LATEST TRANSACTION
control field 20221102095907.0
008 - FIXED-LENGTH DATA ELEMENTS--GENERAL INFORMATION
fixed length control field 140110s9999 xx 000 0 und d
020 ## - ISBN | অাই এস বি এন
ISBN | অাই এস বি এন 9781847370297
PRICE Rs. 550
040 ## - CATALOGING SOURCE
Original cataloging agency Loreto College
041 ## - LANGUAGE CODE
Language code English
082 ## - DDC | ডিউই
Classification number | বর্গসংখ্যা 128
Book Number | গ্রন্থাঙ্ক BYR
100 ## - MAIN ENTRY--PERSONAL NAME | মুখ্য সংলেখ - ব্যাক্তিনাম
Personal name | ব্যাক্তিনাম Byrne, Rhonda
245 #4 - TITLE STATEMENT | অাখ্যা বিবরণী
Title | অাখ্যা The Secret
Statement of responsibility | লেখকের দায়িত্বের বিবরণ Rhonda Byrne
260 ## - IMPRINT | প্রকাশনা ক্ষেত্র
Place of publication | প্রকাশ স্থান New York
Name of publisher | প্রকাশকের নাম Atria
Date of publication | প্রকাশ কাল 2006
300 ## - PHYSICAL DESCRIPTION |
Page / Vol. No | পৃষ্ঠা / খন্ড সংখ্যা 198p
650 ## - SUBJECT ADDED ENTRY--TOPICAL TERM | বিষয় শিরোনাম - মূল বিষয়
Topical term | মূল বিষয় Parapsycolgy
651 ## - SUBJECT ADDED ENTRY--GEOGRAPHIC NAME | বিষয় শিরোনাম - ভৌগলিক নাম
Geographic name | ভৌগলিক বিষয় Human kind - Philosophical and Psychological aspects
850 ## - HOLDING INSTITUTION
Holding institution LCLIB
942 ## - ADDED ENTRY ELEMENTS (KOHA)
Koha item type Books
Holdings
Withdrawn status Lost status Source of classification Damaged status Not for loan Home library Current library Date acquired Total Checkouts Full call number Accession No. Date last seen Date checked out Price effective from Koha item type Coded location qualifier
    Dewey Decimal Classification     Loreto College Loreto College 04/11/2013 10 128 BYR 46095 B18613 06/03/2024 04/03/2024 04/11/2013 Books